000 00508nam a2200181Ia 4500
005 20250326140553.0
008 250326s9999 xx 000 0 und d
037 _aTextbook
040 _aFMSL
_beng
_cFMSL
041 _aeng
_2eng
084 _aX:74 N9
_qFMSL
100 _aDutka A
_9742597
245 0 _aCompetitive intelligence for the competitive edge
_cDutka A
260 _aIllinois
_bIllinois, NTC Business
_c1998
300 _a320p
942 _cTB
_hX:74 N9
999 _c1286363
_d1286363